000 00506nam a2200157Ia 4500
008 090124s9999 xx 000 0 und d
082 _b29125
245 _a रामदास-दर्शन
250 _a1
260 _bमॉडर्न बुकडेपो प्रकाशन
_c1972
300 _a168
630 _a रामदास-दर्शन
700 _aसरदार गंगाधर बाळकृष्ण
730 _a रामदास-दर्शन
942 _cBOOK
999 _c94923
_d94923